Smelý škorec

Bibliographic Details
Main Author: Turan, Ján, 1932-2021 (Author)
Other Authors: Szabóová, Jana (Illustrator)
Format: Article
Language:Slovak
Subjects:

MARC

LEADER 00000nab a2200000 a 4500
001 vtls008998741
003 SK-MaSNL
005 20260303065855.0
008 070613 2007 xo m 000 0 slo
015 |a SNBRB2007/06 
038 |a KEKMK 
040 |a KEKMK  |b slo  |c KEKMK  |e AACR2 
041 |a slo 
044 |a xo  |c SK 
080 |a 82-93  |2 2001 
100 1 |a Turan, Ján,  |d 1932-2021  |4 aut  |9 88156 
245 1 0 |a Smelý škorec  |c Ján Turan ; Jana Szabóová 
650 0 7 |a literatúra pre deti a mládež  |2 kekmk  |9 21893 
700 1 |a Szabóová, Jana  |4 ill.  |9 1066428 
773 0 |t Zornička : časopis pre školákov  |g Roč. 59/69, č.10 jún (2007), s.6  |x 0139-8962 
852 |a KEKMK  |b KIS3G 
958 |a LX 
958 |a DB 
999 |c 1753085  |d 1755015